5HLuxD.jpg

KING HENRY VIII SENIOR AND PRIMARY SCHOOL LIBRARY OPAC

Hatchet / (Record no. 1168)

000 -LEADER
fixed length control field 00518nam a22001817a 4500
005 - DATE AND TIME OF LATEST TRANSACTION
control field 20220804155432.0
008 - FIXED-LENGTH DATA ELEMENTS--GENERAL INFORMATION
fixed length control field 220804b ||||| |||| 00| 0 eng d
020 ## - INTERNATIONAL STANDARD BOOK NUMBER
International Standard Book Number 9781416936466
040 ## - CATALOGING SOURCE
Transcribing agency KH8
082 ## - DEWEY DECIMAL CLASSIFICATION NUMBER
Classification number FIC PAU
100 ## - MAIN ENTRY--PERSONAL NAME
Personal name Paulsen, Gary
Relator term Author
245 ## - TITLE STATEMENT
Title Hatchet /
Statement of responsibility, etc. Gary Paulsen
260 ## - PUBLICATION, DISTRIBUTION, ETC.
Place of publication, distribution, etc. New York :
Name of publisher, distributor, etc. Simon Pulse,
Date of publication, distribution, etc. [2015], 2005 ©1987.
300 ## - PHYSICAL DESCRIPTION
Extent 189 pages ;
Dimensions 18 cm.
586 ## - AWARDS NOTE
Awards note Newbery Honor Book, 1988.
650 ## - SUBJECT ADDED ENTRY--TOPICAL TERM
Topical term or geographic name entry element Wilderness survival
Form subdivision Juvenile fiction
Geographic subdivision Canada
942 ## - ADDED ENTRY ELEMENTS (KOHA)
Source of classification or shelving scheme
Koha item type Books - Fiction
Holdings
Withdrawn status Lost status Source of classification or shelving scheme Damaged status Not for loan Collection code Permanent Location Current Location Shelving location Date acquired Full call number Barcode Date last seen Price effective from Koha item type
          Fiction KH8 Senior School Library KH8 Senior School Library Fiction 2022-08-04 FIC PAU 3KHSL000101892 2024-07-18 2022-08-04 Books - Fiction

Powered By KH8 IT Dept